Homes to DIY for : the UK's self-build housing market in the twenty-first century (Record no. 101680)

MARC details
000 -LEADER
fixed length control field 00918cam a2200253 4500
008 - FIXED-LENGTH DATA ELEMENTS--GENERAL INFORMATION
fixed length control field 010928n2001 000 0 eng u
020 ## - INTERNATIONAL STANDARD BOOK NUMBER
International Standard Book Number 1842630393
035 ## - SYSTEM CONTROL NUMBER
System control number (Sirsi) u114906
041 ## - LANGUAGE CODE
Language code of text/sound track or separate title eng.
050 ## - LIBRARY OF CONGRESS CALL NUMBER
Classification number 306.52
100 ## - MAIN ENTRY--PERSONAL NAME
Personal name Barlow, J.
245 ## - TITLE STATEMENT
Title Homes to DIY for : the UK's self-build housing market in the twenty-first century
260 ## - PUBLICATION, DISTRIBUTION, ETC.
Place of publication, distribution, etc. York
Name of publisher, distributor, etc. York Publishing Services
Date of publication, distribution, etc. 2001
300 ## - PHYSICAL DESCRIPTION
Extent iv,58p.
Dimensions 29cm.
350 ## - PRICE (NR) (BK AM CF MU VM SE) [OBSOLETE]
Price 12.95
520 ## - SUMMARY, ETC.
Summary, etc. Explores the growth of self-build and suggests it is the result of a number of factors, particularly the entry of relatively well-off households into this market, improvements in the availability of mortgage finance, and a general interest in the notion of self-build.
650 ## - SUBJECT ADDED ENTRY--TOPICAL TERM
Topical term or geographic name entry element SELF-BUILD
650 ## - SUBJECT ADDED ENTRY--TOPICAL TERM
Topical term or geographic name entry element HOUSING MARKET
650 ## - SUBJECT ADDED ENTRY--TOPICAL TERM
Topical term or geographic name entry element HOUSING
690 ## - LOCAL SUBJECT ADDED ENTRY--TOPICAL TERM (OCLC, RLIN)
Topical term or geographic name as entry element BUILT ENVIRONMENT
700 ## - ADDED ENTRY--PERSONAL NAME
Personal name Jackson, R.
700 ## - ADDED ENTRY--PERSONAL NAME
Personal name Meikle, J.
942 ## - ADDED ENTRY ELEMENTS (KOHA)
Suppress in OPAC 0
Holdings
Withdrawn status Lost status Source of classification or shelving scheme Damaged status Not for loan Home library Current library Shelving location Date acquired Cost, normal purchase price Total Checkouts Full call number Barcode Date last seen Date last checked out Copy number Cost, replacement price Price effective from Koha item type
    Dewey Decimal Classification     London London Folio 02/08/2002 11.01 19 F306.52 BAR 30066361 06/08/2019 10/02/2009 1 11.01 06/08/2019 Book